Hamilton Lyrics - Aaron Burr, Sir - Statistics

General Stats
  • This quiz has been taken 46 times
  • The average score is 51 of 67
Answer Stats
Lyrics % Correct
That depends. Who's {asking}?
95%
Are you {Aaron} {Burr}, sir?
92%
I'm {Alexander} {Hamilton},
89%
I'm at your {service}, sir
89%
I may have {punched} him. It's a blur, sir.
89%
I'm getting {nervous}
89%
Oh, well, {sure}, sir
89%
Sir... I heard your name at {Princeton}.
89%
When I got sort of out of sorts with a {buddy} of yours.
89%
Can I buy you a {drink}?
86%
Graduate in two, then join the {revolution}.
86%
He looked at me like I was {stupid}, I'm not {stupid}
86%
I have been {looking} for you
86%
I wanted to do what you {did}.
86%
So how'd you do it? How'd you {graduate} so fast?
86%
That would be {nice}
86%
God, I wish there was a {war}
84%
It was my parents' dying wish before they {passed}
84%
I was seeking an {accelerated} course of study
84%
Like I {said}...
84%
Showtime! {Showtime}! Yo!
84%
{Talk} less, What?
84%
What {time} is it?
84%
While we're {talking}
84%
Ay, yo, yo, yo, yo, {yo}!
81%
'Cause I will pop chick-a pop these cops till {I'm} {free}!
81%
Don't let them know what you're {against} or what you're for
81%
Let me offer you some {free} {advice}
81%
{Pardon} {me}.
81%
{Showtime}!
81%
{Smile} more, Ha
81%
Two pints o' Sam Adams, but I'm workin' on {three}!
81%
You're an orphan. Of course! {I'm} {an} {orphan}
81%
Fools who run their {mouths} off wind up dead
78%
He handles the {financials}?
78%
I'm {John} {Laurens} in the place to be!
78%
The {Lancelot} of the revolutionary set!
78%
Those {redcoats} don't want it with me
78%
You can't be {serious}
78%
{Yes}!
76%
{1776}
73%
Oui oui, mon ami, je m'appelle {Lafayette}!
73%
Then we could prove that we're worth more than anyone {bargained} {for}
73%
{Yes}
73%
You wanna get {ahead}?
73%
Brrrah, brraaah! I am {Hercules} {Mulligan}
70%
It's hard to have intercourse over four sets of {corsets} (Wow)
70%
Tell the King "Casse toi!" Who's the {best}? C'est moi!
70%
Up in it, lovin' it, yes I heard ya mother said "{Come} {again}?" (Ayy)
70%
Give us a verse, drop some {knowledge}!
68%
{New} {York} {City}
68%
To the {revolution}!
68%
You spit. I'm 'a sit. We'll see where we {land} (Boooo)
68%
Good luck with that: you're takin' a {stand}
65%
If you stand for nothing, Burr, what'll you {fall} {for}?
65%
Lock up ya {daughters} and {horses}, of course
65%
No more sex, pour me another {brew}, son!
65%
What's he {gonna} {do}?
62%
You punched the {bursar}
62%
{Aaron} {Burr}!
59%
Burr, the revolution's {imminent}.
59%
I came from afar just to say "{Bonsoir}!"
59%
Ooh, who is this {kid}?
57%
Ooh, Who you? Who you? {Who} {are} {you}?
57%
Well, if it ain't the {prodigy} of Princeton college!
57%
What do you {stall} for?
57%
Let's raise a {couple} more...
54%
No matching quizzes found
Score Distribution
Percent of People with Each Score
Percentile by Number Answered
Your Score History
You have not taken this quiz